| 000 | 00519nam a2200205 i 4500 | ||
|---|---|---|---|
| 001 | bg | ||
| 100 | 1 | _aMAJCZAK, Adam | |
| 245 | 1 | 0 |
_aPraktyczne programowanie w C++ / _cAdam Majczak. |
| 260 |
_aWarszawa : _bINTERSOFTLAND, _c1994. |
||
| 300 |
_a403 s. ; _c24 cm. |
||
| 650 | 9 | _aC++ (język programowania) | |
| 655 | _aPodręczniki | ||
| 020 | _a8386389702 | ||
| 040 | _cBPK | ||
| 041 | 0 | _apol | |
| 080 | _a004.438(07)A/Z | ||
| 920 | _a83-86389-70-2 | ||
| 942 | _cKS | ||
| 008 | s pl f |000 0 pol | ||
| 999 |
_c44127 _d44127 |
||
| 856 |
_uhttp://koha.tu.koszalin.pl/cgi-bin/koha/opac-detail.pl?biblionumber=44127 _yKatalog online BPK |
||